Statistiques concernant Meilleurs Buteurs du Bayern

Cliquez ici pour prendre le quiz!

Statistiques générales

  • Ce quiz a été pris 168 fois
  • Le résultat moyen est 7 sur 20

Statistiques - réponses

ButsNationJoueur% Correct
568AllemagneGerd Müller
100%
237AllemagneThomas Müller
100%
344PologneRobert Lewandowski
97%
144Pays-BasArjen Robben
89%
124FranceFranck Ribéry
89%
113AllemagneMario Gomez
56%
82AllemagneSerge Gnabry
45%
125PérouClaudio Pizarro
38%
217AllemagneKarl-Heinz Rummenigge
25%
100AllemagneLothar Matthäus
19%
139BrésilGiovanne Elber
12%
145AllemagneDieter Hoeness
7%
103Pays-BasRoy Makaay
7%
112AllemagneUli Hoeness
7%
117AllemagneMehmet Scholl
3%
110AllemagnePaul Breitner
3%
223AllemagneRainer Ohlhauser
1%
156AllemagneRoland Wohlfarth
1%
137AllemagneDieter Brenninger
0%
95AllemagneFranz Roth
0%

Distribution des résultats

Percentile par nombre de réponses

% des personnes avec chaque résultat

Votre développement - résultats

Vous n’avez pas pris ce quiz